| 000 | 00854nam a22002417a 4500 | ||
|---|---|---|---|
| 999 |
_c5621 _d5621 |
||
| 003 | AR-CdUCM | ||
| 008 | 190312b ||||| |||| 00| 0 spa d | ||
| 040 |
_aMUNICIPALIDAD PROVINCIAL DEL CUSCO _cBIBLIOTECA MUNICIPAL DEL CUSCO |
||
| 082 |
_a985.009 / _bC31 |
||
| 245 |
_aDaniel A. Carrión; Mariano F. Paz Soldán / _bDonald Morote; José Pareja Paz Soldán |
||
| 260 |
_aLima : _bUniversitaria, _c1965. |
||
| 300 |
_a128 páginas ; _c19 cm. |
||
| 440 |
_aBiblioteca hombres del Perú _n : XXVI _916809 |
||
| 500 | _aDonación de la familia Nieto. | ||
| 650 |
_aBiografías _9148 |
||
| 650 |
_aDaniel A. Carrión _916810 |
||
| 650 |
_aMariano F. Paz Soldán _916811 |
||
| 650 |
_aHombres del Perú - Biografías _92160 |
||
| 700 |
_aMorote, Donald _916812 |
||
| 700 |
_aPareja Paz Soldán, José _93671 |
||
| 942 |
_2ddc _cLIBROS |
||
| 945 | _alccs | ||